[Event "Mid Bohemia Region-chT 2223"]
[Site "Czech Republic"]
[Date "2023.03.19"]
[Round "10.6"]
[White "Jarrah, Kamal"]
[Black "Turicky, David"]
[Result "0-1"]
[WhiteElo "2023"]
[BlackElo "1830"]
[PlyCount "78"]
[EventDate "2022.10.09"]
[EventType "team-tourn"]
[EventRounds "11"]
[EventCountry "CZE"]
[SourceTitle "EXT 2024"]
[Source "ChessBase"]
[SourceDate "2023.10.10"]
[SourceVersion "1"]
[SourceVersionDate "2023.10.10"]
[SourceQuality "1"]
[WhiteTeam "Kralupy nad Vltavou"]
[BlackTeam "Zdice"]
[WhiteTeamCountry "CZE"]
[BlackTeamCountry "CZE"]

1. e4 e5 2. Nf3 Nc6 3. Bb5 f5 4. d3 fxe4 5. dxe4 Nf6 6. 0-0 d6 7. Nc3 Be7 8. Qd3 Bg4 9. Qc4 Qd7 10. Ng5 Bh5 11. f4 h6 12. Nf3 Bf7 13. Qa4 0-0 14. fxe5 Ng4 15. Rd1 a6 16. Bxc6 bxc6 17. h3 Bh5 18. hxg4 Qxg4 19. Rf1 Qg3 20. Ne2 Qg4 21. Qb3+ Kh8 22. exd6 Bxd6 23. e5 Bxe5 24. Bd2 Bd6 25. Qc3 Rae8 26. Rae1 Qg6 27. Nh4 Rxf1+ 28. Kxf1 Qe4 29. Nf3 Bxf3 30. gxf3 Rf8 31. Ng1 Qg6 32. Re4 Qxe4 33. Bxh6 Be5 34. Qa3 Qc4+ 35. Kg2 Bd6 36. Qe3 Qxc2+ 37. Kf1 Qb1+ 38. Kg2 Qg6+ 39. Bg5 Bf4 0-1

[Event "Mid Bohemia Region-chT 2223"]
[Site "Czech Republic"]
[Date "2022.10.30"]
[Round "2.7"]
[White "Paldus, Jan"]
[Black "Turicky, David"]
[Result "1-0"]
[WhiteElo "1699"]
[BlackElo "1830"]
[PlyCount "59"]
[EventDate "2022.10.09"]
[EventType "team-tourn"]
[EventRounds "11"]
[EventCountry "CZE"]
[SourceTitle "EXT 2024"]
[Source "ChessBase"]
[SourceDate "2023.10.10"]
[SourceVersion "1"]
[SourceVersionDate "2023.10.10"]
[SourceQuality "1"]
[WhiteTeam "Bakov nad Jizerou II"]
[BlackTeam "Zdice"]
[WhiteTeamCountry "CZE"]
[BlackTeamCountry "CZE"]

1. e4 c5 2. Nf3 Nc6 3. d4 cxd4 4. Nxd4 d6 5. Nc3 g6 6. Be3 Bg7 7. Qd2 Nf6 8. f3 0-0 9. Bc4 a6 10. h4 h5 11. 0-0-0 Qc7 12. Bb3 Na5 13. Bh6 Nxb3+ 14. axb3 Bd7 15. Bxg7 Kxg7 16. Qg5 Rac8 17. Rd2 e5 18. Nf5+ Bxf5 19. exf5 d5 20. fxg6 fxg6 21. Re1 d4 22. Nb1 Rfe8 23. Na3 b5 24. Kb1 Nd5 25. g4 hxg4 26. fxg4 Re6 27. Rxd4 Nf6 28. h5 Nh7 29. Qd2 Re7 30. Rd6 1-0

[Event "Kouty nad Desnou op-A"]
[Site "Kouty nad Desnou"]
[Date "2017.03.17"]
[Round "8"]
[White "Homolkova, Ivana"]
[Black "Turicky, David"]
[Result "1/2-1/2"]
[WhiteElo "1783"]
[BlackElo "1856"]
[PlyCount "65"]
[EventDate "2017.03.11"]
[EventType "swiss"]
[EventRounds "9"]
[EventCountry "CZE"]
[SourceTitle "CBM 177 Extra"]
[Source "ChessBase"]
[SourceDate "2017.04.27"]
[SourceVersion "1"]
[SourceVersionDate "2017.04.27"]
[SourceQuality "1"]

1. e4 c5 2. Nf3 Nc6 3. c4 e5 4. Nc3 d6 5. Be2 Be7 6. 0-0 Nf6 7. d3 0-0 8. Ne1 Nd4 9. Nc2 Ne8 10. f4 f5 11. exf5 Bxf5 12. Nxd4 exd4 13. Nd5 Nf6 14. Bf3 Qd7 15. Nxf6+ Bxf6 16. Bd5+ Kh8 17. Re1 Rae8 18. h3 Bh4 19. Rxe8 Rxe8 20. Kh2 Re1 21. Qf3 b6 22. g3 Bd8 23. g4 Bg6 24. f5 Bf7 25. Be4 Bg5 26. Bxg5 Rxa1 27. f6 Qe6 28. fxg7+ Kxg7 29. Bd5 Qe5+ 30. Bf4 Qe7 31. Bg5 Qe5+ 32. Bf4 Qe7 33. Bg5 1/2-1/2

[Event "Kouty nad Desnou op-A"]
[Site "Kouty nad Desnou"]
[Date "2017.03.15"]
[Round "6"]
[White "Berezjuk, Rostislav"]
[Black "Turicky, David"]
[Result "1-0"]
[WhiteElo "1846"]
[BlackElo "1856"]
[PlyCount "71"]
[EventDate "2017.03.11"]
[EventType "swiss"]
[EventRounds "9"]
[EventCountry "CZE"]
[SourceTitle "CBM 177 Extra"]
[Source "ChessBase"]
[SourceDate "2017.04.27"]
[SourceVersion "1"]
[SourceVersionDate "2017.04.27"]
[SourceQuality "1"]

1. d4 f5 2. Nf3 Nf6 3. Bg5 e6 4. Nc3 d5 5. e3 Be7 6. Be2 0-0 7. Qd2 Bd7 8. Ne5 a6 9. g4 Ne4 10. Nxe4 fxe4 11. Bf4 Nc6 12. Nxd7 Qxd7 13. 0-0-0 b5 14. h4 b4 15. f3 exf3 16. Bxf3 Na5 17. Be2 c5 18. dxc5 Bxc5 19. g5 Rfc8 20. h5 Qd8 21. Kb1 Be7 22. g6 h6 23. Bg4 Rc6 24. e4 Nc4 25. Qe2 d4 26. Bxe6+ Rxe6 27. Qxc4 Qb6 28. Bc7 Rc8 29. Bxb6 Rxc4 30. b3 Rcc6 31. Bxd4 Rxe4 32. Rhe1 Rce6 33. Bf2 Rxe1 34. Rxe1 Rxe1+ 35. Bxe1 Kf8 36. c3 1-0

[Event "CZE-ch Juniors op-B"]
[Site "Sec u Chrudimi"]
[Date "2008.03.11"]
[Round "5"]
[White "Turicky, David"]
[Black "Navratil, Robert"]
[Result "1-0"]
[WhiteElo "1596"]
[BlackElo "1387"]
[PlyCount "79"]
[EventDate "2008.03.08"]
[EventType "swiss"]
[EventRounds "9"]
[EventCountry "CZE"]
[SourceTitle "EXT 2009"]
[Source "ChessBase"]
[SourceDate "2008.11.26"]
[SourceVersion "1"]
[SourceVersionDate "2008.11.26"]
[SourceQuality "1"]

1. d4 Nf6 2. c4 g6 3. Nc3 Bg7 4. e4 d6 5. Be3 0-0 6. Bd3 e5 7. d5 Nbd7 8. Nge2 Nc5 9. Bc2 Ne8 10. 0-0 f5 11. f3 f4 12. Bf2 h5 13. b4 Nd7 14. c5 g5 15. Kh1 Ndf6 16. Ng1 g4 17. Bh4 Rf7 18. Bb3 Bh6 19. Bc4 Rg7 20. Qd2 Bg5 21. Bxg5 Rxg5 22. g3 gxf3 23. Nxf3 Rg4 24. gxf4 Rxf4 25. Rg1+ Ng7 26. Be2 Nxe4 27. Nxe4 Rxe4 28. Qh6 Bg4 29. Ng5 Qxg5 30. Qxg5 Rxe2 31. Raf1 Rf8 32. Rxf8+ Kxf8 33. Qd8+ Kf7 34. Rf1+ Kg6 35. cxd6 cxd6 36. Qxd6+ Kh7 37. Qe7 Re3 38. d6 Bf3+ 39. Rxf3 Rxf3 40. d7 1-0

[Event "CZE-ch Juniors op-B"]
[Site "Sec u Chrudimi"]
[Date "2008.03.10"]
[Round "4"]
[White "Tuma, Josef"]
[Black "Turicky, David"]
[Result "1-0"]
[WhiteElo "1790"]
[BlackElo "1596"]
[PlyCount "75"]
[EventDate "2008.03.08"]
[EventType "swiss"]
[EventRounds "9"]
[EventCountry "CZE"]
[SourceTitle "EXT 2009"]
[Source "ChessBase"]
[SourceDate "2008.11.26"]
[SourceVersion "1"]
[SourceVersionDate "2008.11.26"]
[SourceQuality "1"]

1. e4 e5 2. Nf3 Nc6 3. d4 exd4 4. c3 dxc3 5. Bc4 Bb4 6. 0-0 d6 7. Nxc3 Bxc3 8. bxc3 Nf6 9. Ba3 Bg4 10. Qc2 Bxf3 11. gxf3 0-0 12. Kh1 Ne5 13. Be2 Nh5 14. Rg1 Qf6 15. Rg2 Nf4 16. Rg3 Neg6 17. Bb2 Nh5 18. Rg4 Ne5 19. c4 Qe6 20. Rh4 Nf6 21. Rg1 Ng6 22. Bxf6 Qxf6 23. Rhg4 Qe6 24. f4 f5 25. exf5 Rxf5 26. Bd3 Rxf4 27. Rxf4 Nxf4 28. Bxh7+ Kh8 29. Qc3 Qh6 30. Bd3 Rf8 31. Rg3 Nxd3 32. Qxd3 Rxf2 33. Rh3 Rxa2 34. Rxh6+ gxh6 35. Qb3 Re2 36. Qxb7 Ra2 37. Qc8+ Kh7 38. Qxc7+ 1-0